| 000 | 00440nam a2200157Ia 4500 | ||
|---|---|---|---|
| 003 | LK-CoDNM | ||
| 008 | 010623t xxu||||| |||| 00| 1 sin d | ||
| 040 |
_aLK-CoDNM _dLK-CoDNM _eLK-CoDNM |
||
| 041 | _asin | ||
| 080 | _a22/28 DAR | ||
| 245 | _aදරුවන් මාවෙතට එන්ට ඉඩ හරින්න | ||
| 246 | _aDaruvan ma wethata Enta Ida Harinna | ||
| 300 | _b117p., 21 cm | ||
| 650 | _aChristianity | ||
| 942 | _cBK | ||
| 999 |
_c138533 _d138533 |
||